<?xml version="1.0" encoding="UTF-8"?>
<collection xmlns="http://www.loc.gov/MARC21/slim">
 <record>
  <leader>00335pamaa2200133   4500</leader>
  <controlfield tag="001">0000024666</controlfield>
  <controlfield tag="005">20061002090000.0</controlfield>
  <datafield tag="020" ind1="0" ind2="0">
   <subfield code="a">0575051493 </subfield>
  </datafield>
  <datafield tag="090" ind1="0" ind2="0">
   <subfield code="a">PR9369.3.D7 </subfield>
   <subfield code="b">DRU 1991</subfield>
  </datafield>
  <datafield tag="100" ind1="1" ind2="0">
   <subfield code="a">DRUMMOND </subfield>
  </datafield>
  <datafield tag="245" ind1="1" ind2="0">
   <subfield code="a">Burden of guilt  </subfield>
   <subfield code="c">June Drummond.</subfield>
  </datafield>
  <datafield tag="260" ind1="0" ind2="0">
   <subfield code="a">London: </subfield>
   <subfield code="b">Victoria Gollancz Ltd., </subfield>
   <subfield code="c">1991.</subfield>
  </datafield>
  <datafield tag="300" ind1=" " ind2=" ">
   <subfield code="a">158p.; </subfield>
   <subfield code="c">21cm.</subfield>
  </datafield>
  <datafield tag="650" ind1="0" ind2="0">
   <subfield code="a">Fiction </subfield>
  </datafield>
 </record>
</collection>
